000 00588nam a2200229 a 4500
999 _c5451
_d5451
001 5451
003 BD-JhCC
005 20171214171132.0
008 171214s1974 ii a|||| ||a| 000 0 eng d
035 _a(BD-JhCC)5451
040 _aBD-JhCC
_dBD-JhCC
041 _aeng
082 _a534
_bSUR 1974
100 _aSubrahmanyam, N.
245 _aA Textbook of Sound /
_cN. Subrahmanyam; Brij Lal
260 _aNew Delhi :
_bVikas Publishing House Pvt Ltd,
_c1974.
300 _a285 p. :
_billu;
_c21 cm.
650 _aSound
700 _a Lal, Brij
942 _2ddc
_cBK